[Event "Deutsche Ländermeisterschaft 2012"]
[Site "Hannover GER"]
[Date "2012.10.01"]
[Round "5"]
[White "Pallas, Sebastian"]
[Black "Müller, Max"]
[Result "1/2-1/2"]
[Termination "normal"]
[Board "6.5"]
[WhiteTitle "12"]
[BlackTitle "14"]
[WhiteElo "1824"]
[BlackElo "1728"]
[WhiteTeam "Sachsen-Anhalt"]
[BlackTeam "Saarland"]
[PlyCount "73"]
[WhiteFideId "12905453"]
[BlackFideId "12900486"]
[EventCountry "GER"]
[EventRounds "7"]
[EventType "team-swiss"]
[EventDate "2012.09.28"]

1. e4 c5 2. Nf3 d6 3. d4 cxd4 4. Nxd4 Nf6 5. Nc3 a6 6. Bg5 e6 7. f4 Be7 8. Qf3
Qc7 9. O-O-O Nbd7 10. g4 b5 11. Bxf6 Bxf6 12. g5 Be7 13. f5 e5 14. Nd5 Bxg5+
15. Kb1 Qb7 16. Ne6 fxe6 17. Qh5+ Kf8 18. fxe6 Nc5 19. Qxg5 Bxe6 20. Bg2 Bxd5
21. Rxd5 Qe7 22. Qf5+ Ke8 23. Rhd1 Rd8 24. Qf2 Rf8 25. Qd2 Rf6 26. c4 Qc7 27.
cxb5 axb5 28. Qb4 Rb8 29. Bf1 Qb6 30. Qd2 Ke7 31. Qg5 Kf8 32. Bg2 Ne6 33. Qg3
Nf4 34. R5d2 Nxg2 35. Qxg2 Rc8 36. Qh3 Rc4 37. Qxh7 1/2-1/2

[Event "Deutsche Ländermeisterschaft 2012"]
[Site "Hannover GER"]
[Date "2012.10.01"]
[Round "5"]
[White "Puffay, Jana"]
[Black "Heinemann, Josefine"]
[Result "0-1"]
[Termination "normal"]
[Board "6.6"]
[WhiteTitle "16w"]
[BlackTitle "14w"]
[WhiteElo "1433"]
[BlackElo "1871"]
[WhiteTeam "Saarland"]
[BlackTeam "Sachsen-Anhalt"]
[PlyCount "40"]
[WhiteFideId "24692360"]
[BlackFideId "12900460"]
[EventCountry "GER"]
[EventRounds "7"]
[EventType "team-swiss"]
[EventDate "2012.09.28"]

1. e4 c5 2. Nc3 Nc6 3. Bb5 Nd4 4. Bc4 g6 5. Nge2 Bg7 6. Nxd4 cxd4 7. Ne2 e6 8.
d3 b5 9. Bb3 Bb7 10. Nf4 Ne7 11. O-O O-O 12. Re1 h6 13. Bd2 f5 14. exf5 Rxf5
15. Qg4 Qc7 16. Qe2 Rxf4 17. Bxf4 Qxf4 18. Qf1 Be5 19. Rxe5 Qxe5 20. Re1 Qf6
0-1

[Event "Deutsche Ländermeisterschaft 2012"]
[Site "Hannover GER"]
[Date "2012.10.01"]
[Round "5"]
[White "Stein, Robert"]
[Black "Müller, Sophie"]
[Result "1-0"]
[Termination "normal"]
[Board "6.7"]
[WhiteTitle "12"]
[BlackTitle "12w"]
[WhiteElo "1644"]
[BlackElo "1435"]
[WhiteTeam "Sachsen-Anhalt"]
[BlackTeam "Saarland"]
[PlyCount "37"]
[WhiteFideId "12921084"]
[BlackFideId "12926698"]
[EventCountry "GER"]
[EventRounds "7"]
[EventType "team-swiss"]
[EventDate "2012.09.28"]

1. e4 e6 2. d4 d5 3. Nd2 dxe4 4. Nxe4 Nd7 5. Nf3 Ngf6 6. Bd3 c5 7. O-O Be7 8.
c3 O-O 9. Bc2 h6 10. Nxf6+ Nxf6 11. Ne5 cxd4 12. cxd4 Re8 13. Qd3 Bd6 14. Bf4
Qe7 15. Rfe1 Qf8 16. Ng4 g6 17. Nxf6+ Kg7 18. Nxe8+ Qxe8 19. Bxd6 1-0

[Event "Deutsche Ländermeisterschaft 2012"]
[Site "Hannover GER"]
[Date "2012.10.01"]
[Round "5"]
[White "Zimmer, Luca"]
[Black "Cejda, Cecilia"]
[Result "1/2-1/2"]
[Termination "normal"]
[Board "6.8"]
[WhiteTitle "12"]
[BlackTitle "12w"]
[WhiteElo "1035"]
[BlackElo "1495"]
[WhiteTeam "Saarland"]
[BlackTeam "Sachsen-Anhalt"]
[PlyCount "59"]
[WhiteFideId "12921424"]
[BlackFideId "12921122"]
[EventCountry "GER"]
[EventRounds "7"]
[EventType "team-swiss"]
[EventDate "2012.09.28"]

1. e4 e5 2. Nf3 Nc6 3. Bc4 Nf6 4. Ng5 d5 5. exd5 b5 6. Bxb5 Qxd5 7. Bxc6+ Qxc6
8. O-O Bc5 9. d3 O-O 10. Nc3 h6 11. Nf3 Bg4 12. Nxe5 Bxd1 13. Nxc6 Bxc2 14. Ne5
Rfe8 15. Bf4 Nh5 16. g3 Nxf4 17. gxf4 f6 18. Nb5 Rab8 19. Nxc7 Rec8 20. Nc6
Rxb2 21. d4 Rxc7 22. d5 Be4 23. Rfc1 Rc2 24. Rxc2 Bxc2 25. Rc1 Bxf2+ 26. Kxf2
Be4 27. d6 Rd7 28. Ne7+ Kh7 29. Rd1 f5 30. Nc8 1/2-1/2

[Event "Deutsche Ländermeisterschaft 2012"]
[Site "Hannover GER"]
[Date "2012.10.01"]
[Round "5"]
[White "Krause, Benedict"]
[Black "Will, Dominik"]
[Result "1-0"]
[Termination "normal"]
[Board "7.1"]
[WhiteTitle "16"]
[BlackTitle "18"]
[WhiteElo "2074"]
[BlackElo "2085"]
[WhiteTeam "Schleswig-Holstein"]
[BlackTeam "Hessen 2"]
[PlyCount "75"]
[WhiteFideId "12917990"]
[BlackFideId "4696557"]
[EventCountry "GER"]
[EventRounds "7"]
[EventType "team-swiss"]
[EventDate "2012.09.28"]

1. e4 c5 2. Nf3 d6 3. Bb5+ Bd7 4. Bxd7+ Qxd7 5. c4 Nc6 6. d4 cxd4 7. Nxd4 Nf6
8. Nc3 g6 9. f3 Bg7 10. Nde2 O-O 11. O-O Rfd8 12. Bg5 h6 13. Bh4 e6 14. Qd2 Kh7
15. Rfd1 Ne7 16. e5 Nfg8 17. exd6 Qc6 18. Nd5 exd5 19. dxe7 Qc5+ 20. Bf2 Qxe7
21. cxd5 Rd7 22. Nc3 Qb4 23. Ne4 Qxb2 24. Qxb2 Bxb2 25. Rab1 Ba3 26. Bc5 Bxc5+
27. Nxc5 Rc7 28. Nxb7 Rac8 29. Nd6 Rd8 30. Rb7 Rxb7 31. Nxb7 Rd7 32. d6 Nf6 33.
Nc5 Rd8 34. d7 Kg7 35. Rd6 a5 36. g4 a4 37. a3 g5 38. Kg2 1-0

[Event "Deutsche Ländermeisterschaft 2012"]
[Site "Hannover GER"]
[Date "2012.10.01"]
[Round "5"]
[White "Elkmann, Janek"]
[Black "Powierski, Emil"]
[Result "0-1"]
[Termination "normal"]
[Board "7.2"]
[WhiteTitle "18"]
[BlackTitle "16"]
[WhiteElo "2033"]
[BlackElo "2137"]
[WhiteTeam "Hessen 2"]
[BlackTeam "Schleswig-Holstein"]
[PlyCount "54"]
[WhiteFideId "24691925"]
[BlackFideId "4656199"]
[EventCountry "GER"]
[EventRounds "7"]
[EventType "team-swiss"]
[EventDate "2012.09.28"]

1. e4 c6 2. d4 d5 3. f3 dxe4 4. fxe4 e5 5. Nf3 Bg4 6. Bc4 Nd7 7. O-O Ngf6 8.
Kh1 Bd6 9. Nc3 O-O 10. Be3 Qc7 11. Qd2 Rad8 12. Qf2 Bh5 13. Qh4 exd4 14. Nxd4
Ne5 15. Rxf6 Nxc4 16. Bg5 Bg6 17. Nf5 Bxf5 18. Rxf5 f6 19. Bf4 Bxf4 20. Rxf4
Rd2 21. Rf3 Rxc2 22. Rh3 h6 23. Qg4 Ne5 24. Qf4 Qb6 25. Rf1 Qxb2 26. Nd1 Qxa2
27. Ne3 Nd3 0-1

[Event "Deutsche Ländermeisterschaft 2012"]
[Site "Hannover GER"]
[Date "2012.10.01"]
[Round "5"]
[White "Marx, Joschka"]
[Black "Bingert, Tim Niklas"]
[Result "0-1"]
[Termination "normal"]
[Board "7.3"]
[WhiteTitle "20"]
[BlackTitle "14"]
[WhiteElo "2034"]
[BlackElo "1931"]
[WhiteTeam "Schleswig-Holstein"]
[BlackTeam "Hessen 2"]
[PlyCount "84"]
[WhiteFideId "24645869"]
[BlackFideId "12917907"]
[EventCountry "GER"]
[EventRounds "7"]
[EventType "team-swiss"]
[EventDate "2012.09.28"]

1. c4 b6 2. Nc3 c5 3. e4 Bb7 4. Nf3 Nc6 5. d4 cxd4 6. Nxd4 g6 7. Nxc6 dxc6 8.
Be3 Bg7 9. Be2 Bxc3+ 10. bxc3 Qxd1+ 11. Rxd1 c5 12. f3 Nf6 13. e5 Nd7 14. Bh6
O-O-O 15. O-O Nb8 16. Bg5 Nc6 17. f4 Rxd1 18. Rxd1 Rd8 19. Rd5 Na5 20. Bxe7
Bxd5 21. Bxd8 Bxc4 22. Bxc4 Nxc4 23. Bh4 Kd7 24. Kf2 Ke6 25. g4 Kd5 26. Kf3 b5
27. Bf2 a5 28. h3 b4 29. cxb4 cxb4 30. Be1 Na3 31. Bd2 Nb1 32. Be1 Nc3 33. Bxc3
bxc3 34. Ke3 c2 35. Kd2 Ke4 36. Kxc2 Kxf4 37. Kb3 Kxe5 38. g5 Kf5 39. h4 Kg4
40. Ka4 Kxh4 41. Kxa5 Kxg5 42. Kb6 h5 0-1

[Event "Deutsche Ländermeisterschaft 2012"]
[Site "Hannover GER"]
[Date "2012.10.01"]
[Round "5"]
[White "Keller, Peter"]
[Black "Kololli, Kevin"]
[Result "1-0"]
[Termination "normal"]
[Board "7.4"]
[WhiteTitle "14"]
[BlackTitle "12"]
[WhiteElo "1966"]
[BlackElo "1860"]
[WhiteTeam "Hessen 2"]
[BlackTeam "Schleswig-Holstein"]
[PlyCount "75"]
[WhiteFideId "1272105"]
[BlackFideId "12936863"]
[EventCountry "GER"]
[EventRounds "7"]
[EventType "team-swiss"]
[EventDate "2012.09.28"]

1. e4 c5 2. Nf3 d6 3. d4 cxd4 4. Nxd4 Nf6 5. Nc3 g6 6. Be2 Bg7 7. O-O O-O 8.
Bg5 Nc6 9. Nb3 Be6 10. Kh1 Ne5 11. Nd5 Bxd5 12. exd5 Ne4 13. Bh4 Rc8 14. f3 Nc5
15. f4 Ned7 16. c3 a6 17. Bf3 Nb6 18. Re1 Re8 19. Nxc5 Rxc5 20. Re2 Kf8 21. Qd3
Nd7 22. Bf2 Rc8 23. Bg4 Nc5 24. Qh3 f5 25. Bf3 Kg8 26. Bh4 b5 27. a3 Nd3 28.
Bg5 Rc4 29. Qh4 Qb6 30. Rd1 Ne5 31. Qg3 Nxf3 32. Qxf3 Qa7 33. Rde1 Rc7 34. h3
a5 35. Re6 Rd7 36. Qe2 Qb7 37. Qd2 Kf7 38. g4 1-0

[Event "Deutsche Ländermeisterschaft 2012"]
[Site "Hannover GER"]
[Date "2012.10.01"]
[Round "5"]
[White "Janke, Hendrik"]
[Black "Spitzl, Vinzent"]
[Result "1/2-1/2"]
[Termination "normal"]
[Board "7.5"]
[WhiteTitle "14"]
[BlackTitle "12"]
[WhiteElo "1787"]
[BlackElo "1729"]
[WhiteTeam "Schleswig-Holstein"]
[BlackTeam "Hessen 2"]
[PlyCount "50"]
[WhiteFideId "12921831"]
[BlackFideId "12901253"]
[EventCountry "GER"]
[EventRounds "7"]
[EventType "team-swiss"]
[EventDate "2012.09.28"]

1. e4 e5 2. Nf3 Nc6 3. Bc4 Bc5 4. d3 Nf6 5. Nc3 d6 6. Be3 Bb6 7. Qd2 Be6 8. Bb3
h6 9. Nd5 O-O 10. h3 Na5 11. Nxb6 axb6 12. O-O Nxb3 13. axb3 Qe7 14. Nh2 Nd7
15. f4 exf4 16. Bxf4 Ne5 17. Bxe5 dxe5 18. Nf3 f6 19. g4 h5 20. Qg2 Qd7 21. Nh2
b5 22. Kh1 hxg4 23. Nxg4 Bxg4 24. Qxg4 Qxg4 25. hxg4 Kf7 1/2-1/2

[Event "Deutsche Ländermeisterschaft 2012"]
[Site "Hannover GER"]
[Date "2012.10.01"]
[Round "5"]
[White "Schneider, Sabrina"]
[Black "Rosmait, Emily"]
[Result "1-0"]
[Termination "normal"]
[Board "7.6"]
[WhiteTitle "14w"]
[BlackTitle "14w"]
[WhiteElo "1548"]
[BlackElo "1634"]
[WhiteTeam "Hessen 2"]
[BlackTeam "Schleswig-Holstein"]
[PlyCount "87"]
[WhiteFideId "12951986"]
[BlackFideId "12937754"]
[EventCountry "GER"]
[EventRounds "7"]
[EventType "team-swiss"]
[EventDate "2012.09.28"]

1. e4 e5 2. Nf3 Nc6 3. Nc3 Nf6 4. d4 exd4 5. Nxd4 Be7 6. Nxc6 dxc6 7. Qxd8+
Bxd8 8. Bg5 O-O 9. O-O-O Be6 10. h3 h6 11. Be3 Be7 12. a3 Rfd8 13. Be2 a6 14.
f4 c5 15. Bf3 c6 16. Na4 c4 17. f5 Rxd1+ 18. Rxd1 Bd7 19. Nb6 Rd8 20. Nxc4 Kf8
21. g4 Ke8 22. Nd6+ Bxd6 23. Rxd6 Bc8 24. Rxd8+ Kxd8 25. Kd2 Kd7 26. Bf4 Ke7
27. Kd3 Kd7 28. Kd4 Ke7 29. b4 Kd7 30. c4 Ke7 31. Kc5 Kd7 32. Bd6 Ne8 33. e5
Nxd6 34. exd6 f6 35. a4 Kd8 36. Kb6 Kd7 37. c5 Kd8 38. b5 cxb5 39. axb5 axb5
40. Kxb5 Kd7 41. Kb6 Kd8 42. Bxb7 Bd7 43. c6 Be8 44. c7+ 1-0

[Event "Deutsche Ländermeisterschaft 2012"]
[Site "Hannover GER"]
[Date "2012.10.01"]
[Round "5"]
[White "Köhler, Inken"]
[Black "Diener, Carolin Valeria"]
[Result "1-0"]
[Termination "normal"]
[Board "7.7"]
[WhiteTitle "12w"]
[BlackTitle "12w"]
[WhiteElo "1459"]
[BlackElo "1710"]
[WhiteTeam "Schleswig-Holstein"]
[BlackTeam "Hessen 2"]
[PlyCount "93"]
[WhiteFideId "12929301"]
[BlackFideId "24699063"]
[EventCountry "GER"]
[EventRounds "7"]
[EventType "team-swiss"]
[EventDate "2012.09.28"]

1. e4 e5 2. Nf3 Nc6 3. d4 exd4 4. Nxd4 Bc5 5. Be3 Qf6 6. c3 Nge7 7. Be2 Qg6 8.
Bf3 O-O 9. Nd2 Ne5 10. Nf5 Nxf5 11. exf5 Nd3+ 12. Ke2 Qa6 13. Qb1 Nxb2+ 14. Ke1
Nd3+ 15. Kf1 Bxe3 16. fxe3 Ne5+ 17. Be2 Qc6 18. Qb4 d6 19. e4 Qe8 20. Kf2 Qe7
21. Qd4 Bd7 22. Rab1 Bc6 23. Rhf1 Rfe8 24. Kg1 Qf6 25. Qe3 Nd7 26. Bf3 Nc5 27.
Qd4 Qxd4+ 28. cxd4 Nd7 29. d5 Ba4 30. Rxb7 Rec8 31. Rc1 Nc5 32. Rb4 Nd3 33.
Rxa4 Nxc1 34. Ra3 h6 35. Kf1 Rcb8 36. Ke1 Rb2 37. Rc3 Nxa2 38. Rxc7 Rbb8 39. e5
Rd8 40. e6 fxe6 41. dxe6 Rab8 42. e7 Re8 43. Bd5+ Kh7 44. Bxa2 Rb5 45. Ne4 Kh8
46. Rd7 Rxf5 47. Rd8 1-0

[Event "Deutsche Ländermeisterschaft 2012"]
[Site "Hannover GER"]
[Date "2012.10.01"]
[Round "5"]
[White "Liez, Tatjana"]
[Black "Schramm, Anna-Lena"]
[Result "1-0"]
[Termination "normal"]
[Board "7.8"]
[WhiteTitle "16w"]
[BlackTitle "14w"]
[WhiteElo "1532"]
[BlackElo "1420"]
[WhiteTeam "Hessen 2"]
[BlackTeam "Schleswig-Holstein"]
[PlyCount "63"]
[WhiteFideId "1271769"]
[BlackFideId "12918237"]
[EventCountry "GER"]
[EventRounds "7"]
[EventType "team-swiss"]
[EventDate "2012.09.28"]

1. e4 e5 2. Nf3 Nc6 3. Bc4 Be7 4. d3 Nf6 5. Nc3 d6 6. h3 O-O 7. O-O Nd7 8. Be3
Re8 9. Qd2 Nf8 10. Rad1 Ne6 11. Ne2 Bf8 12. Bb3 Ne7 13. Nh2 d5 14. exd5 Nxd5
15. Nf3 Bd6 16. Bxd5 Nf8 17. Nc3 Qf6 18. Ne4 Qe7 19. Neg5 Ne6 20. Nxe6 Bxe6 21.
Bxe6 Qxe6 22. a3 Qg6 23. Bg5 h6 24. Bh4 Re6 25. Rfe1 Qf5 26. Bg3 Rae8 27. Re4
h5 28. Rde1 f6 29. Qe2 Kf7 30. d4 g5 31. dxe5 Bc5 32. Qc4 1-0

[Event "Deutsche Ländermeisterschaft 2012"]
[Site "Hannover GER"]
[Date "2012.10.01"]
[Round "5"]
[White "Weber, Max"]
[Black "Schulenburg, Torben"]
[Result "1/2-1/2"]
[Termination "normal"]
[Board "8.1"]
[WhiteTitle "18"]
[BlackTitle "20"]
[WhiteElo "2109"]
[BlackElo "2060"]
[WhiteTeam "Mecklenburg-Vorpommern"]
[BlackTeam "Hamburg"]
[PlyCount "74"]
[WhiteFideId "4624831"]
[BlackFideId "24648558"]
[EventCountry "GER"]
[EventRounds "7"]
[EventType "team-swiss"]
[EventDate "2012.09.28"]

1. c4 Nf6 2. g3 g6 3. Bg2 d5 4. cxd5 Nxd5 5. Nc3 Nb6 6. d4 Bg7 7. Nf3 O-O 8.
O-O Nc6 9. e3 e5 10. d5 Na5 11. e4 c6 12. Bg5 f6 13. Be3 cxd5 14. Bxb6 Qxb6 15.
Nxd5 Qd8 16. Rc1 Nc6 17. Qb3 Rf7 18. Rfd1 Be6 19. Qa4 Rd7 20. Bf1 a6 21. Qa3
Bh6 22. Rc3 Kh8 23. Rcd3 Bf8 24. Qc3 Rc8 25. Qd2 Kg7 26. Qe3 Qe8 27. h4 Rcd8
28. Kh2 Bxd5 29. Rxd5 Nb4 30. Rxd7+ Rxd7 31. a3 Nc6 32. Rxd7+ Qxd7 33. Qb6 Be7
34. Bc4 Bd8 35. Qc5 Be7 36. Qb6 Bd8 37. Qc5 Be7 1/2-1/2

[Event "Deutsche Ländermeisterschaft 2012"]
[Site "Hannover GER"]
[Date "2012.10.01"]
[Round "5"]
[White "Hinrichs, Jan"]
[Black "Ispirjan, Mikael"]
[Result "1-0"]
[Termination "normal"]
[Board "8.2"]
[WhiteTitle "18"]
[BlackTitle "16"]
[WhiteElo "2038"]
[BlackElo "1940"]
[WhiteTeam "Hamburg"]
[BlackTeam "Mecklenburg-Vorpommern"]
[PlyCount "79"]
[WhiteFideId "12907294"]
[BlackFideId "1271217"]
[EventCountry "GER"]
[EventRounds "7"]
[EventType "team-swiss"]
[EventDate "2012.09.28"]

1. e4 c6 2. d4 d5 3. Nc3 dxe4 4. Nxe4 Bf5 5. Ng3 Bg6 6. Nh3 Nf6 7. Bc4 e6 8.
O-O Bd6 9. f4 O-O 10. Kh1 Qc7 11. Bd3 c5 12. dxc5 Bxc5 13. f5 exf5 14. Nxf5
Nbd7 15. Bf4 Qb6 16. Rb1 Rfe8 17. b4 Bf8 18. Nh4 Bxd3 19. Qxd3 Ne5 20. Qb3 Qb5
21. Ng5 Qc4 22. Qb2 Neg4 23. h3 Ne3 24. Bxe3 Qxh4 25. Nf3 Qh5 26. Rbe1 Ne4 27.
Bf4 Nf6 28. Be5 Ng4 29. Qd4 Nh6 30. a3 f6 31. Bf4 b6 32. Bxh6 Qxh6 33. Qd5+ Kh8
34. Rxe8 Rxe8 35. Qf7 Qg6 36. Qxa7 Qxc2 37. Qxb6 Qd3 38. Ra1 Bd6 39. Qc6 Rd8
40. Re1 1-0

[Event "Deutsche Ländermeisterschaft 2012"]
[Site "Hannover GER"]
[Date "2012.10.01"]
[Round "5"]
[White "Celmer, Ole"]
[Black "Hinrichs, Lars"]
[Result "1/2-1/2"]
[Termination "normal"]
[Board "8.3"]
[WhiteTitle "20"]
[BlackTitle "16"]
[WhiteElo "1857"]
[BlackElo "1949"]
[WhiteTeam "Mecklenburg-Vorpommern"]
[BlackTeam "Hamburg"]
[PlyCount "68"]
[WhiteFideId "24657107"]
[BlackFideId "12921769"]
[EventCountry "GER"]
[EventRounds "7"]
[EventType "team-swiss"]
[EventDate "2012.09.28"]

1. e3 c5 2. b3 Nc6 3. Bb2 e5 4. c4 Nf6 5. Nc3 d5 6. cxd5 Nxd5 7. Nf3 Ndb4 8. d3
Bg4 9. a3 Bxf3 10. gxf3 Nd5 11. Qc2 Be7 12. Rg1 O-O 13. Ne4 Rc8 14. f4 Qa5+ 15.
Kd1 Nf6 16. Ng5 exf4 17. Bh3 Rcd8 18. Bf5 c4 19. d4 g6 20. Nxh7 Kxh7 21. Bxg6+
Kh8 22. b4 Qd5 23. e4 Nxd4 24. exd5 Nxc2 25. Bxc2 Rxd5+ 26. Ke2 c3 27. Bxc3 Rc8
28. Bxf6+ Bxf6 29. Rac1 Bb2 30. Be4 Rxc1 31. Rxc1 Bxc1 32. Bxd5 Bxa3 33. Bxb7
Bxb4 34. Ba6 Kg7 1/2-1/2

[Event "Deutsche Ländermeisterschaft 2012"]
[Site "Hannover GER"]
[Date "2012.10.01"]
[Round "5"]
[White "Krüger, David"]
[Black "Schmekel, Florian"]
[Result "1-0"]
[Termination "normal"]
[Board "8.4"]
[WhiteTitle "12"]
[BlackTitle "14"]
[WhiteElo "1786"]
[BlackElo "1552"]
[WhiteTeam "Hamburg"]
[BlackTeam "Mecklenburg-Vorpommern"]
[PlyCount "65"]
[WhiteFideId "12921858"]
[BlackFideId "12913456"]
[EventCountry "GER"]
[EventRounds "7"]
[EventType "team-swiss"]
[EventDate "2012.09.28"]

1. e4 c5 2. c3 d5 3. exd5 Qxd5 4. d4 e6 5. Nf3 Nc6 6. Be3 b6 7. Na3 a6 8. Nc4
Rb8 9. Bd3 Nf6 10. Bf4 Rb7 11. Ne3 Qd8 12. Bxa6 Ra7 13. Bb5 Bd7 14. d5 Ne7 15.
dxe6 fxe6 16. Bxd7+ Rxd7 17. Qa4 Ned5 18. Ne5 Nxf4 19. Nxd7 Nd3+ 20. Ke2 Qxd7
21. Qxd7+ Nxd7 22. Kxd3 Be7 23. Rae1 O-O 24. Ng4 h5 25. Rxe6 Bg5 26. Ne5 Nxe5+
27. Rxe5 Bh6 28. Re2 b5 29. Rd1 Rf4 30. Kc2 b4 31. Rd5 bxc3 32. Kxc3 g6 33.
Rxc5 1-0

[Event "Deutsche Ländermeisterschaft 2012"]
[Site "Hannover GER"]
[Date "2012.10.01"]
[Round "5"]
[White "Wulf, Constanze"]
[Black "Rogozenco, Teodora"]
[Result "0-1"]
[Termination "normal"]
[Board "8.5"]
[WhiteTitle "16w"]
[BlackTitle "12w"]
[WhiteElo "1622"]
[BlackElo "1706"]
[WhiteTeam "Mecklenburg-Vorpommern"]
[BlackTeam "Hamburg"]
[PlyCount "86"]
[WhiteFideId "24692379"]
[BlackFideId "12938084"]
[EventCountry "GER"]
[EventRounds "7"]
[EventType "team-swiss"]
[EventDate "2012.09.28"]

1. d4 d6 2. c4 e5 3. dxe5 dxe5 4. Qxd8+ Kxd8 5. Nf3 Nc6 6. a3 h6 7. b4 e4 8. b5
Na5 9. Nfd2 e3 10. fxe3 Be6 11. Nc3 Nxc4 12. Nxc4 Bxc4 13. g3 Be7 14. Bb2 Bf6
15. a4 a6 16. Rd1+ Ke8 17. Bh3 Rd8 18. Rxd8+ Kxd8 19. bxa6 Bxa6 20. Nd1 Bxb2
21. Nxb2 Nf6 22. Nd3 b6 23. Ne5 Ke7 24. Nc6+ Kd6 25. Nd4 Bb7 26. Rf1 Kc5 27.
Rf4 Re8 28. Nc2 Kd6 29. Rd4+ Ke7 30. Rc4 c5 31. a5 Ba6 32. Rc3 Ne4 33. Rb3 b5
34. Bg2 Kf8 35. Bxe4 Rxe4 36. Rc3 Re5 37. Na1 b4 38. Rb3 Bc4 39. Rb2 Rxe3 40.
Kd2 Rxe2+ 41. Kc1 Re1+ 42. Kc2 Rxa1 43. Rb1 Ra2+ 0-1

[Event "Deutsche Ländermeisterschaft 2012"]
[Site "Hannover GER"]
[Date "2012.10.01"]
[Round "5"]
[White "Schamber, Dennis"]
[Black "Bernstengel, Aaron"]
[Result "0-1"]
[Termination "normal"]
[Board "8.7"]
[WhiteTitle "12"]
[BlackTitle "14"]
[WhiteElo "1548"]
[BlackElo "1757"]
[WhiteTeam "Mecklenburg-Vorpommern"]
[BlackTeam "Hamburg"]
[PlyCount "70"]
[WhiteFideId "12952176"]
[BlackFideId "12940062"]
[EventCountry "GER"]
[EventRounds "7"]
[EventType "team-swiss"]
[EventDate "2012.09.28"]

1. e4 e6 2. d4 d5 3. e5 c5 4. c3 Nc6 5. Nf3 Bd7 6. a3 Qc7 7. Be3 c4 8. Be2 Na5
9. Nbd2 Qb6 10. Rb1 Ne7 11. O-O Nf5 12. Bf4 h6 13. Qc2 g5 14. Bg3 Be7 15. Kh1
h5 16. h3 g4 17. Ng1 O-O-O 18. b4 cxb3 19. Nxb3 Ba4 20. Bd1 Bxb3 21. Qd2 Qa6
22. Bxb3 Nxb3 23. Rxb3 Qxf1 24. Kh2 Nxg3 25. fxg3 Qf5 26. Qb2 Rd7 27. Qe2 h4
28. c4 hxg3+ 29. Kxg3 Qe4 30. Re3 Qxd4 31. cxd5 Rxd5 32. Qc2+ Rc5 33. Qe2 Rc3
34. Rxc3+ Qxc3+ 35. Kh2 Bc5 0-1

[Event "Deutsche Ländermeisterschaft 2012"]
[Site "Hannover GER"]
[Date "2012.10.01"]
[Round "5"]
[White "Lemke, Berfin"]
[Black "Sadewasser, Lucie"]
[Result "1-0"]
[Termination "normal"]
[Board "8.8"]
[WhiteTitle "14w"]
[BlackTitle "12w"]
[WhiteElo "1544"]
[BlackElo "1341"]
[WhiteTeam "Hamburg"]
[BlackTeam "Mecklenburg-Vorpommern"]
[PlyCount "49"]
[WhiteFideId "1270578"]
[BlackFideId "12905445"]
[EventCountry "GER"]
[EventRounds "7"]
[EventType "team-swiss"]
[EventDate "2012.09.28"]

1. e4 e5 2. Nf3 Nc6 3. d4 exd4 4. Nxd4 Bc5 5. Be3 Qf6 6. c3 Nge7 7. Bc4 Ne5 8.
Be2 N7c6 9. O-O Bb6 10. Nd2 O-O 11. N2b3 d6 12. f4 Ng6 13. Qd2 Bd7 14. f5 Nh8
15. Kh1 Qe7 16. Rf4 f6 17. Rg4 Rfe8 18. Bc4+ Nf7 19. Nxc6 bxc6 20. Bh6 d5 21.
Rxg7+ Kh8 22. exd5 Rad8 23. d6 Qxd6 24. Rxf7 Bxf5 25. Bg7+ 1-0

[Event "Deutsche Ländermeisterschaft 2012"]
[Site "Hannover GER"]
[Date "2012.10.03"]
[Round "7"]
[White "Mundorf, Johannes"]
[Black "Graf, Felix"]
[Result "1/2-1/2"]
[Termination "normal"]
[Board "1.1"]
[WhiteTitle "18"]
[BlackTitle "20"]
[WhiteElo "2161"]
[BlackElo "2449"]
[WhiteTeam "Nordrhein-Westfalen"]
[BlackTeam "Bayern"]
[PlyCount "47"]
[WhiteFideId "24672491"]
[BlackFideId "24608904"]
[EventCountry "GER"]
[EventRounds "7"]
[EventType "team-swiss"]
[EventDate "2012.09.28"]

1. Nf3 Nf6 2. g3 b5 3. Bg2 Bb7 4. Na3 b4 5. Nc4 a5 6. a3 d5 7. Nce5 Nbd7 8. d4
e6 9. O-O Bd6 10. c4 bxc3 11. bxc3 Nb6 12. c4 Nxc4 13. Qa4+ Nd7 14. Nxc4 dxc4
15. Nd2 Bxg2 16. Kxg2 O-O 17. Nxc4 Ra6 18. Kg1 Nb6 19. Nxb6 Rxb6 20. Qxa5 Qa8
21. Qxa8 Rxa8 22. Bf4 Ra4 23. Bxd6 cxd6 24. Rfc1 1/2-1/2

[Event "Deutsche Ländermeisterschaft 2012"]
[Site "Hannover GER"]
[Date "2012.10.03"]
[Round "7"]
[White "Berchtenbreiter, Maximilian"]
[Black "Florstedt, Johannes"]
[Result "1-0"]
[Termination "normal"]
[Board "1.2"]
[WhiteTitle "18"]
[BlackTitle "16"]
[WhiteElo "2328"]
[BlackElo "2056"]
[WhiteTeam "Bayern"]
[BlackTeam "Nordrhein-Westfalen"]
[PlyCount "65"]
[WhiteFideId "24641120"]
[BlackFideId "12922293"]
[EventCountry "GER"]
[EventRounds "7"]
[EventType "team-swiss"]
[EventDate "2012.09.28"]

1. e4 e6 2. f4 d5 3. e5 c5 4. Nf3 Nc6 5. c3 Nh6 6. Bd3 Qb6 7. Bc2 Bd7 8. Na3
Rc8 9. Qe2 Be7 10. h3 f6 11. exf6 Bxf6 12. g4 Be7 13. Ng5 O-O 14. Qd3 Rxf4 15.
Qxh7+ Kf8 16. d4 Bxg5 17. Bxf4 Bxf4 18. O-O e5 19. dxe5 c4+ 20. Kg2 Qe3 21.
Rxf4+ Qxf4 22. Rf1 Qxf1+ 23. Kxf1 Nxe5 24. g5 Nhf7 25. g6 Nh6 26. Qh8+ Ng8 27.
Qh5 Re8 28. Bf5 Bxf5 29. Qxf5+ Nf6 30. Nc2 Kg8 31. Ne3 Nfg4 32. Nxg4 Rf8 33.
Qxf8+ 1-0

[Event "Deutsche Ländermeisterschaft 2012"]
[Site "Hannover GER"]
[Date "2012.10.03"]
[Round "7"]
[White "Weber, Daniel"]
[Black "Kuckling, Hannah"]
[Result "1-0"]
[Termination "normal"]
[Board "1.4"]
[WhiteTitle "16"]
[BlackTitle "16w"]
[WhiteElo "1816"]
[BlackElo "1845"]
[WhiteTeam "Bayern"]
[BlackTeam "Nordrhein-Westfalen"]
[PlyCount "87"]
[WhiteFideId "24615498"]
[BlackFideId "24603660"]
[EventCountry "GER"]
[EventRounds "7"]
[EventType "team-swiss"]
[EventDate "2012.09.28"]

1. d4 Nf6 2. Nf3 g6 3. Nc3 d5 4. Bf4 Bg7 5. e3 O-O 6. Be2 c5 7. Ne5 Nc6 8. h4
Ne4 9. Nxe4 dxe4 10. Nxc6 bxc6 11. c3 cxd4 12. exd4 Qa5 13. O-O e5 14. dxe5
Bxe5 15. Bxe5 Qxe5 16. Qa4 Bb7 17. Rad1 Qe7 18. h5 Qh4 19. Rd7 Bc8 20. Rd4 Bf5
21. Qxc6 Rab8 22. Rb4 Rxb4 23. cxb4 Rc8 24. Qb7 Qg5 25. Bd1 Re8 26. Bb3 Re7 27.
Qb8+ Kg7 28. hxg6 hxg6 29. Qd6 e3 30. Qd4+ Kh7 31. fxe3 Rxe3 32. Qxa7 Re7 33.
Qf2 Qg4 34. Qf4 Qe2 35. Bc4 Qe4 36. Qxe4 Rxe4 37. Bd3 Rxb4 38. Bxf5 gxf5 39.
Rb1 Kg6 40. a3 Rb3 41. a4 Kg5 42. a5 Kg4 43. a6 Rb6 44. Ra1 1-0